000 00291nam a22000977a 4500
005 20250901165257.0
008 210303b ||||| |||| 00| 0 eng d
050 _aQC173 .
245 _aIntroduction to atomic and nuclear physics
_cRUSK, ROGERS D.
942 _2lcc
_hQC173 .R87 1958
999 _c1442
_d1442